| 000 | 01047aab a2200193 i 4500 | ||
|---|---|---|---|
| 001 | 768714001 | ||
| 003 | CO-MdFUSB | ||
| 005 | 20221110170937.0 | ||
| 008 | 221110s2004 sp ||||| |||| 00| 0 spa d | ||
| 040 |
_bspa _cCO-MdFUSB _dCO-MdFUSB |
||
| 041 | _aspa | ||
| 100 | 1 |
_aSesboüé, Bernard _eautor |
|
| 245 | 1 | 0 |
_aLa racionalización teológica del pecado original _c/ Bernard Sesboüé |
| 300 |
_aNúmero 304, (febrero, 2004), páginas 11- 20 _c; 21 cm |
||
| 520 | _aEn la dificilísima cuestión dificultades del pecado original, el orden de la exposición es tan importante como su contenido. Una de las causas de las dificultades planteadas a estas doctrinas en los tiempos modernos se debe al desplazamiento de su centro de gravedad, de la realidad pecadora de la humanidad, hacia el pecado de los orígenes, comprendido como la causa arbitraria de una condena a priori de todo el género humano. | ||
| 653 | _aPecado original | ||
| 773 | 0 |
_tConcilium _049450 _960411 _gNúmero 304, (febrero, 2004), páginas 11- 20 _qpáginas 11 |
|
| 942 | _cANA | ||
| 999 |
_c49882 _d49882 |
||